High School English Grammar and Composition (Record no. 10634)

MARC details
000 -LEADER
fixed length control field 00423nam a22001817a 4500
003 - CONTROL NUMBER IDENTIFIER
control field OSt
008 - FIXED-LENGTH DATA ELEMENTS--GENERAL INFORMATION
fixed length control field 210518b ||||| |||| 00| 0 eng d
020 ## - INTERNATIONAL STANDARD BOOK NUMBER
International Standard Book Number 9789352530144
082 ## - DEWEY DECIMAL CLASSIFICATION NUMBER
Classification number 625 WRH
100 ## - MAIN ENTRY--PERSONAL NAME
Personal name WREN, PC
245 ## - TITLE STATEMENT
Title High School English Grammar and Composition
250 ## - EDITION STATEMENT
Edition statement 4th
260 ## - PUBLICATION, DISTRIBUTION, ETC. (IMPRINT)
Place of publication, distribution, etc New Delhi
Name of publisher, distributor, etc S.Chand
Date of publication, distribution, etc 2021
300 ## - PHYSICAL DESCRIPTION
Extent 384
650 ## - SUBJECT ADDED ENTRY--TOPICAL TERM
Topical term or geographic name as entry element Applied Sc
700 ## - ADDED ENTRY--PERSONAL NAME
Personal name MARTIN,H
942 ## - ADDED ENTRY ELEMENTS (KOHA)
Source of classification or shelving scheme Dewey Decimal Classification
Koha item type Text Books
942 ## - ADDED ENTRY ELEMENTS (KOHA)
-- 6
Holdings
Withdrawn status Lost status Source of classification or shelving scheme Damaged status Not for loan Collection code Home library Current library Date acquired Source of acquisition Currency Cost, normal purchase price Bill Number Total Checkouts Full call number Acc. no. / Barcode Date last seen Date last borrowed Actual Cost, discounted price Bill Date Koha item type Checked out
    Dewey Decimal Classification     Applied Sc. PIET C-LIBRARY PIET C-LIBRARY 13/04/2021 Kirti Praskshan IN Rupees 420.00 IN2034 3 429 WRH 32795 08/01/2026 26/08/2025 302.40 13/04/2021 Text Books  
    Dewey Decimal Classification     Applied Sc. PIET C-LIBRARY PIET C-LIBRARY 13/04/2021 Kirti Praskshan IN Rupees 420.00 IN2034 2 429 WRH 32796 04/10/2024 04/10/2024 302.40 13/04/2021 Text Books 22/04/2025
    Dewey Decimal Classification     Applied Sc. PIET C-LIBRARY PIET C-LIBRARY 13/04/2021 Kirti Praskshan IN Rupees 420.00 IN2034   429 WRH 32797 18/05/2021   302.40 13/04/2021 Text Books  
    Dewey Decimal Classification     Applied Sc. PIET C-LIBRARY PIET C-LIBRARY 13/04/2021 Kirti Praskshan IN Rupees 420.00 IN2034 1 429 WRH 32798 13/12/2021 25/09/2021 302.40 13/04/2021 Text Books  
    Dewey Decimal Classification     Applied Sc. PIET C-LIBRARY PIET C-LIBRARY 13/04/2021 Kirti Praskshan IN Rupees 420.00 IN2034 3 429 WRH 32799 11/08/2025 21/07/2025 302.40 13/04/2021 Text Books  

Design & Developed by: PIET Central Library
R70 Miles Stone Pattikalyana Samalkha Panipat 132102
mail ID :- [email protected], Phone No:- 0180-2569700 Ex.216